000
00328nam a22001457a 4500
999
_c
162246
_d
162246
082
_a
_b
100
_a
Sharma J D
245
_a
A handbook of classical myths and legends/
_c
by Sharma J D.
260
_a
New Delhi:
_b
Radhakrishna,
_c
1990.
300
_a
600
_a
650
_a
_v
_z
700
_a
942
_c
BK